Qing Dynasty Imperial Concubine Ranks - Statistics

General Stats
  • This quiz has been taken 6 times
  • The average score is 5 of 9
Answer Stats
Hint Answer % Correct
4 Consort (妃)
100%
5 Concubine (嬪)
75%
1 Empress (皇后)
75%
9 Lady-in-waiting (官女子)
50%
3 Noble Consort (貴妃)
50%
6 Noble Lady (貴人)
50%
7 First Class Attendant (常在)
25%
2 Imperial Noble Consort (皇貴妃)
25%
8 Second Class Attendant (答應)
25%
No matching quizzes found
Score Distribution
Percent of People with Each Score
Percentile by Number Answered
Your Score History
You have not taken this quiz